Countries with Shortest Wikipedia Articles - Statistics

General Stats
  • This quiz has been taken 401 times
  • The average score is 13 of 20
Answer Stats
Words Country % Correct
9452 Nauru
87%
10014 Palau
85%
7958 Saint Kitts and Nevis
82%
9517 Saint Lucia
81%
7254 Saint Vincent and the Grenadines
80%
10185 Samoa
78%
9714 Tonga
78%
9725 Grenada
73%
7292 Federated States of Micronesia
72%
8568 Antigua and Barbuda
71%
10096 Seychelles
66%
9524 San Marino
65%
10379 Liechtenstein
58%
10071 Lesotho
55%
8723 Togo
50%
9006 Guinea-Bissau
46%
10486 Guyana
46%
9160 Gabon
33%
10255 Mauritania
27%
8469 Republic of the Congo
22%
No matching quizzes found
Score Distribution
Percent of People with Each Score
Percentile by Number Answered
Your Score History
You have not taken this quiz